000 01550nam a2200349 i 4500
003 EG-GICUC
005 20260121101442.0
008 251208s2009 ua ||||f |||| 000 0 ara d
017 _a2008/13656
040 _a EG-GICUC
_bara
_c EG-GICUC
_d EG-GICUC
_erda
041 _aara
082 0 4 _221
_a343.46
_bع ب . ج
092 0 4 _221
099 _aLaw1 10 343.46 ع ب . ج 1 ed - 2009
100 0 _aعبدالفتاح بيومي حجازي
_eمؤلف.
245 1 0 _aجرائم الكمبيوتر و الإنترنت في التشريعات العربية ؛
_bدراسة مقارنةمع التطبيق على نظام مكافحة الجرائم المعلوماتية في المملكة العربية السعودية /
_cعبدالفتاح بيومي حجازي.
250 _aالطبعة الاولى
264 1 _aالقاهرة :
_bدار النهضة العربية,
_c2009.
300 _a720 ؛صفحة
_c24 سم
336 _2rda content
_atext
337 _2rda media
_aComputer
338 _2rda carrier
_aOnline Resource
500 _aيشتمل على ملاحق
504 _a. 238-229 ببليوجرافيا: صفحات.
546 _aالنص أغلبه باللغة العربية مع بعض النصوص الإنجليزية
650 1 4 _aالتشريعات المتعلقة بتقنية المعلومات
_2qrmak
650 1 4 _aالجرائم الماسة بالأخلاق
_2qrmak
651 1 _2qrmak
856 4 0 _uhttps://fll.law.cu.edu.eg/fulltext/bks/B10-07044.pdf
905 _a79
942 _2ddc
_cBK
_e21
_n0
999 _c49161
_d49161